Catàleg del Col·legi de Periodistes de Catalunya

La Nit abans (Registre núm. 7128)

000 -CABECERA
Longitud fija campo de control 00581nam a22001937a 4500
003 - IDENTIFICADOR DEL NÚMERO DE CONTROL
Identificador del número de control OSt
005 - FECHA Y HORA DE LA ÚLTIMA TRANSACCIÓN
Fecha y hora de la última transacción 20180417170808.0
008 - CÓDIGOS DE INFORMACIÓN DE LONGITUD FIJA
Códigos de información de longitud fija 180417e201710 spc|||| |||| 0|0 f cat|d
017 ## - NÚMERO DE COPYRIGHT O DE DEPÓSITO LEGAL
Número de copyright o de depósito legal DL B 14537-2017
Agencia que asigna el número Biblioteca de Catalunya
020 ## - NÚMERO INTERNACIONAL NORMALIZADO PARA LIBROS
Número Internacional Normalizado para Libros (ISBN) 9788416430734
040 ## - FUENTE DE LA CATALOGACIÓN
Centro catalogador de origen ES-BaBC
Lengua de catalogación cat
Centro transcriptor CDMR
100 1# - PUNTO DE ACCESO PRINCIPAL-NOMBRE DE PERSONA
Nombre de persona Cabezas, Bea,
Fechas asociadas al nombre 1976-
Término indicativo de función autor
245 13 - MENCIÓN DE TÍTULO
Título La Nit abans
Mención de responsabilidad, etc. / Bea Cabezas
260 ## - PUBLICACIÓN, DISTRIBUCIÓN, ETC. (PIE DE IMPRENTA)
Lugar de publicación, distribución, etc. Barcelona :
Nombre del editor, distribuidor, etc. Rosa dels Vents,
Fecha de publicación, distribución, etc. 2017
300 ## - DESCRIPCIÓN FÍSICA
Extensión 262 pàgines, 6 pàgines no numerades ;
Dimensiones 23 cm
610 24 - PUNTO DE ACCESO ADICIONAL DE MATERIA - NOMBRE DE ENTIDAD CORPORATIVA
9 (RLIN) 2617
Nombre de entidad corporativa o nombre de jurisdicción como elemento inicial Diari de Barcelona
650 04 - PUNTO DE ACCESO ADICIONAL DE MATERIA - TÉRMINO DE MATERIA
9 (RLIN) 797
Término de materia o nombre geográfico como elemento inicial Reportatges literaris
942 ## - ENTRADA DE ELEMENTOS AGREGADOS (KOHA)
Koha [por defecto] tipo de item Monografies
Fons
Suprimido Perdido Estropeado No para préstamo Localización permanente Localización actual Fecha adquisición Fuente de adquisición Coste, precio normal de compra Préstamos totales Signatura completa Código de barras Fecha última consulta Fecha último préstamo Coste, precio reemplazado Fecha del precio de reemplazo Tipo de item de Koha
        Centre de Documentació Montserrat Roig Centre de Documentació Montserrat Roig 2018-04-17 Donació 16.90 1 Du 9/51 CDMR18040018 2018-04-27 2018-04-17 16.90 2018-04-17 Monografies

Implantat amb Koha